| 000 | 01963nam a22002897a 4500 | ||
|---|---|---|---|
| 999 |
_c61617 _d61617 |
||
| 003 | Ge_BSU | ||
| 005 | 20240401155452.0 | ||
| 008 | 240401s2024 ge ||||| |||| 00| 0 geo d | ||
| 020 | _a9789941863264 | ||
| 041 | _ageo | ||
| 080 | _a622.323+ 665.6+621.643 გ-74 | ||
| 100 |
_aგოჩიტაშვილი, თეიმურაზ _913530 |
||
| 245 |
_aნავთობის და გაზის მოპოვება, ტრანსპორტირება, გადამუშავება და გამოყენება / _cთეიმურაზ გოჩიტაშვილი; რედაქტორები: გიორგი ჩიქოვანი, ქეთევან გოჩიტაშვილი. _bსაბაზისო ინფორმაციული ცნობარი / |
||
| 250 | _aმეორე გადამუშავებული გამოცემა | ||
| 264 |
_aთბილისი, _c2024. |
||
| 300 |
_a594 გვ.: _bილ. ; _c24 სმ. |
||
| 500 | _aდაბეჭდილია საქ. ნავთობისა და გაზის კორპორაციის დირექტორთა საბჭოს რეკომენდაციით. | ||
| 501 | _aდანართი გვ. 501-594 | ||
| 504 | _aბიბლიოგრ. გვ. 486-500 | ||
| 653 | _aნავთობის მოპოვება. | ||
| 653 | _aგაზის მოპოვება. | ||
| 653 | _aნავთობისა და გაზის გადამუშავება. | ||
| 653 | _aნავთობისა და გაზის ტრანსპორტირება. | ||
| 700 |
_aჩიქოვანი, გიორგი _eრედაქტორი _921645 |
||
| 700 |
_aგოჩიტაშვილი, ქეთევან _eრედაქტორი _94197 |
||
| 942 |
_2udc _cᲬᲘᲒᲜᲘ |
||